000 00457nam a2200169 i 4500
001 58731
003 ES-MaACL
005 20230906163854.0
007 t|
008 031023q19201929fr ||||1| fre d
100 1 _aEekhoud, Georges.
_946681
245 1 0 _aEscal-vigor
_b: roman /
_cGeorges Eekhoud.
250 _a10eme ed.
260 _aParis :
_b[s.n.,
_c192-?] (
_ePoitiers :
_fBlais et Roy)
300 _a252 p. ;
_c19 cm.
852 _aES-MaACL
_jF-12995
999 _c58731
_d58731